00389nam a2200145Ia 4500008004100000020001500041041001200056082001600068100001900084245007800103260002500181300000800206650001400214700001500228221030s9999 xx 000 0 und d a0070996539 aEnglish a105.23bWil aD. H. Williams 0aSpectroscopic Methods in Organic Chemistrycby D. H. Williams, I. Fleming bTMHaNew Delhic2001 a246 aChemistry aI. Fleming